Homestuck Quotes without Typing Quirks - Statistics

General Stats
  • This quiz has been taken 20 times
  • The average score is 10 of 28
Answer Stats
Hint Answer % Correct
My feelins seem petty and meaninless now. Eridan
86%
Yes, I'm sure my mother knew the end was coming too. Rose
71%
I remember some weird troll was rapping at me once. Dave
64%
Okay then the bunny will be named after your silly movie star fantasy crush. Jade
57%
Have you seen Weekend at Bernie's? Jake
57%
I don't mean to critique your speech, I just wanted to ask you something in confidence about the humans. Kanaya
57%
I think I had a really juvenile attitude about killing back then. I think I was trying too hard? Vriska
57%
I mean--Fiddlesticks, please pardon my language. It won't happen again. Equius
50%
You are kinda hinting that there are ecto shenannies that lead to the birth of my daughter. Roxy
50%
Can we just cut to the chase and be friends already?? John
43%
And for another thing, it's better to maintain appearances. Everyone on Derse believes their heroes haven't woken yet. Dirk
36%
Oh. Well it does sound like a lot of fun but I think I should get permission first. Nepeta
36%
Then you go down and fight the denizen, and kill it, releasing the hoard. Terezi
36%
Is everybody okay with that? Do you want to have a big corpse party? Aradia
29%
These men are leading you astray. Sitting on the hat again will only cause it further damage. Dad
29%
Given your title and all the tools of prognostication at your disposal, it seems to me I should be the one asking you the questions. Doc Scratch
29%
No no bro, I don't wanna know, don't even tell me. Gamzee
29%
So all you have to do is wake up and learn to play the rain! Jaspersprite
29%
Thank you so much for this, it was great. That was a joke, here type "ha". Sollux
29%
See this is why we should be comparing notes! Feferi
21%
Launch your server or whatever, I'll install the hero program. Karkat
21%
I will prepare you a healthy homecooked meal while you relax in your ghost bed and rescue your paradox sister. Nannasprite
21%
Ok, but, I should say that the nature of the dream was a bit worrisome. Jane
14%
Oh, okay, you're the one who likes to submit sexual innuendo. Tavros
14%
Future yous will get you out of trouble, if you're gonna live up to the responsibility of eventually becoming them. Davesprite
7%
Here, I'll prepare the GIF file for that. It'll just take a few seconds. Go ahead. Say that. Hussie
7%
I was scared then too. But I didn't let the fear stop me from trying to save him. Jadesprite
7%
Also, my point was to ask, are you really going to go through with it today? Lil Hal
7%
No matching quizzes found
Score Distribution
Percent of People with Each Score
Percentile by Number Answered
Your Score History
You have not taken this quiz